Kvalitatívna AES analýza binárnych a ternárnych polovodičov A2B6 : Dipl.práca /

Gespeichert in:
Bibliographische Detailangaben
1. Verfasser: Flesar, Peter (Verfasst von)
Weitere Verfasser: Liday, Jozef, 1945- (Betreuung Doktorarbeit), Vogrinčič, Peter, 1952- (Betreuung Doktorarbeit)
Format: Manuskript Buch
Veröffentlicht: Bratislava : STU v Bratislave FEI, 1997
Tags: Tag hinzufügen
Keine Tags, Fügen Sie das erste Tag hinzu!

MARC

LEADER 00000ntm a22000003a 4500
001 stu10484
005 20160719164938.8
008 980114s1997----------------------------d
040 |a STU  |b slo 
041 0
100 1 |a Flesar, Peter  |4 aut 
245 1 |a Kvalitatívna AES analýza binárnych a ternárnych polovodičov A2B6 :  |b Dipl.práca /  |c [aut.] Flesar,Peter; Škol. Liday,Jozef;Škol. Vogrinčič,Peter 
260 |a Bratislava :  |b STU v Bratislave FEI,  |c 1997 
300 |a 78 s 
700 1 |a Liday, Jozef,  |d 1945-  |4 ths  |u E030  |U FEI Fakulta elektrotechniky a informatiky  |T FEI Ústav elektroniky a fotoniky  |X 2050  |U E030  |Y 549  |7 A000002050 
700 1 |a Vogrinčič, Peter,  |d 1952-  |4 ths  |u E030  |U FEI Fakulta elektrotechniky a informatiky  |T FEI Ústav elektroniky a fotoniky  |X 1968  |U E030  |Y 549  |7 A000001968